|
|
|
|
| LEADER |
00000naa2a2200000 4500 |
| 001 |
605901 |
| 005 |
20231101132357.0 |
| 035 |
|
|
|a (RuTPU)RU\TPU\conf\3263
|
| 035 |
|
|
|a RU\TPU\conf\3262
|
| 090 |
|
|
|a 605901
|
| 100 |
|
|
|a 20140507d2013 k y0rusy50 ca
|
| 101 |
0 |
|
|a rus
|
| 102 |
|
|
|a RU
|
| 105 |
|
|
|a a z 100zy
|
| 135 |
|
|
|a drcn ---uucaa
|
| 181 |
|
0 |
|a i
|
| 182 |
|
0 |
|a b
|
| 200 |
1 |
|
|a Влияние работоспособности алмазного инструмента на качество обработанной поверхности
|f П. В. Архипов, А. С. Янюшкин, Д. В. Лобанов, С. И. Петрушин
|
| 203 |
|
|
|a Текст
|c электронный
|
| 215 |
|
|
|a 1 файл (792 Кб)
|
| 225 |
1 |
|
|a Инновационные технологии получения и обработки материалов в машиностроении
|
| 230 |
|
|
|a Электронные текстовые данные (1 файл : 792 Кб)
|
| 300 |
|
|
|a Заглавие с титульного листа.
|
| 320 |
|
|
|a [Библиогр.: с. 181 (18 назв.)]
|
| 337 |
|
|
|a Adobe Reader
|
| 463 |
|
1 |
|0 (RuTPU)RU\TPU\conf\2692
|t Инновационные технологии и экономика в машиностроении
|o сборник трудов IV Международной научно-практической конференции с элементами научной школы для молодых ученых, 23-25 мая 2013 г., Юрга
|f Национальный исследовательский Томский политехнический университет (ТПУ), Юргинский технологический институт (ЮТИ) ; под ред. Д. А. Чинахова
|v [С. 175-181]
|d 2013
|
| 610 |
1 |
|
|a труды учёных ТПУ
|
| 610 |
1 |
|
|a электронный ресурс
|
| 610 |
1 |
|
|a алмазные инструменты
|
| 610 |
1 |
|
|a обработка
|
| 610 |
1 |
|
|a поверхности
|
| 610 |
1 |
|
|a металлообработка
|
| 610 |
1 |
|
|a шлифование
|
| 701 |
|
1 |
|a Архипов
|b П. В.
|
| 701 |
|
1 |
|a Янюшкин
|b А. С.
|
| 701 |
|
1 |
|a Лобанов
|b Д. В.
|
| 701 |
|
1 |
|a Петрушин
|b С. И.
|c специалист в области машиностроения
|c профессор Томского политехнического университета, доктор технических наук
|f 1949-
|g Сергей Иванович
|2 stltpush
|3 (RuTPU)RU\TPU\pers\24235
|
| 712 |
0 |
2 |
|a Национальный исследовательский Томский политехнический университет (ТПУ)
|b Юргинский технологический институт (филиал) (ЮТИ)
|b Кафедра технологии машиностроения (ТМС)
|h 356
|2 stltpush
|3 (RuTPU)RU\TPU\col\18902
|
| 801 |
|
2 |
|a RU
|b 63413507
|c 20230518
|g RCR
|
| 856 |
4 |
|
|u http://www.lib.tpu.ru/fulltext/c/2013/C30/045.pdf
|
| 942 |
|
|
|c BK
|